Collapse of the Soviet Union with a Map - Statistics

General Stats
  • This quiz has been taken 9,122 times
  • The average score is 12 of 15
Answers on the Map
Answers color-coded by a green-red scale on the quiz's map according to % correct below.
 
Answer Stats
% Correct
May 4th 1990 Latvia
98%
March 11th 1990 Lithuania
98%
August 20th 1991 Estonia
95%
August 27th 1991 Moldova
90%
August 24th 1991 Ukraine
81%
September 21st 1991 Armenia
80%
October 18th 1991 Azerbaijan
80%
April 9th 1991 Georgia
80%
December 12th 1991 Russia
76%
December 16th 1991 Kazakhstan
69%
August 31st 1991 Uzbekistan
69%
December 10th 1991 Belarus
67%
August 31st 1991 Kyrgyzstan
64%
September 9th 1991 Tajikistan
64%
October 27th 1991 Turkmenistan
60%
No matching quizzes found
Score Distribution
Percent of People with Each Score
Percentile by Number Answered
Your Score History
You have not taken this quiz